[Event "FRA-ch op-A"]
[Site "Pau"]
[Date "2008.08.21"]
[Round "9"]
[White "Beaucoudray, Marc"]
[Black "Daspres, Loic"]
[Result "1/2-1/2"]
[WhiteElo "2010"]
[BlackElo "2060"]
[PlyCount "85"]
[EventDate "2008.08.11"]
[EventType "swiss"]
[EventRounds "9"]
[EventCountry "FRA"]
[SourceTitle "CBM 126 Extra"]
[Source "ChessBase"]
[SourceDate "2008.11.05"]
[SourceVersion "1"]
[SourceVersionDate "2008.11.05"]
[SourceQuality "1"]

1. e4 g6 2. d4 Bg7 3. Nc3 d6 4. Bc4 Nf6 5. f3 0-0 6. Be3 c6 7. a4 Qa5 8. Nge2 Rd8 9. 0-0 Nbd7 10. Kh1 c5 11. Nb5 cxd4 12. Nexd4 a6 13. Nb3 Qb4 14. Nc7 Rb8 15. Qe2 Ne5 16. Bd5 Nxd5 17. Nxd5 Qc4 18. Qd2 Nc6 19. Nb6 Qb4 20. Rab1 Be6 21. Nc1 Qxd2 22. Bxd2 Bd4 23. a5 d5 24. Bf4 Be5 25. exd5 Bxd5 26. Nd3 Bxf4 27. Nxf4 Bc4 28. Nxc4 Rd4 29. b3 Rxf4 30. Rfd1 Rd4 31. c3 Rdd8 32. b4 Rbc8 33. Nb6 Rxd1+ 34. Rxd1 Rd8 35. Rd7 Rxd7 36. Nxd7 f6 37. Kg1 Kf7 38. Kf2 e5 39. Ke3 Ke7 40. Nc5 Nd8 41. Kd3 f5 42. Kc4 Kd6 43. Kd3 1/2-1/2

[Event "FRA-ch op-A"]
[Site "Pau"]
[Date "2008.08.17"]
[Round "6"]
[White "Chizelle, Bernard"]
[Black "Beaucoudray, Marc"]
[Result "0-1"]
[WhiteElo "1960"]
[BlackElo "2010"]
[PlyCount "113"]
[EventDate "2008.08.11"]
[EventType "swiss"]
[EventRounds "9"]
[EventCountry "FRA"]
[SourceTitle "CBM 126 Extra"]
[Source "ChessBase"]
[SourceDate "2008.11.05"]
[SourceVersion "1"]
[SourceVersionDate "2008.11.05"]
[SourceQuality "1"]

1. e4 e5 2. Nf3 Nc6 3. Bb5 a6 4. Ba4 d6 5. c3 Nf6 6. d3 Be7 7. 0-0 0-0 8. Nbd2 b5 9. Bc2 Bb7 10. Re1 Re8 11. Nf1 Bf8 12. Ng3 g6 13. Bd2 Bg7 14. Qc1 Qd7 15. a4 d5 16. h3 Nd8 17. axb5 axb5 18. Rxa8 Bxa8 19. Bb3 c5 20. Bc2 Bc6 21. Be3 Nb7 22. Bh6 Bh8 23. Qg5 Qe6 24. Qh4 Bg7 25. Ng5 Qd7 26. Re3 Qd6 27. Rf3 Nd8 28. Bxg7 Kxg7 29. exd5 Bxd5 30. Nf5+ gxf5 31. Rxf5 Rh8 32. Qg3 Kf8 33. Rxe5 Nc6 34. d4 cxd4 35. cxd4 h6 36. Nxf7 Bxf7 37. Qf4 Nxd4 38. Bd3 Nc6 39. Rf5 Qxf4 40. Rxf4 Nd5 41. Rh4 b4 42. Bb5 Nde7 43. Bc4 Kg7 44. Re4 Kf6 45. f4 Rc8 46. g4 Ng6 47. f5 Nf4 48. Kh2 Re8 49. Rd4 Re3 50. Bf1 Rf3 51. Rd1 Rf2+ 52. Kg3 Rxb2 53. Bc4 Rg2+ 54. Kf3 Rh2 55. Bd5 Nxd5 56. Kg3 Rb2 57. Rc1 0-1